Návrh a počítačová analýza chladiaceho systému pre výkonovú elektroniku e-formuly

Uložené v:
Podrobná bibliografia
Hlavný autor: Tiffingerová, Brigita (Autor)
Ďalší autori: Paulech, Juraj (Vedúci práce)
Médium: Rukopis Kniha
Jazyk:Slovak
Vydavateľské údaje: Bratislava : STU v Bratislave, FEI 2020
Predmet:
On-line prístup:http://opac.crzp.sk/?fn=detailBiblioForm&sid=AFB64E0160B4F4E92447DA9F9648&seo=CRZP-detail-kniha
Tagy: Pridať tag
Žiadne tagy, Buďte prvý, kto otaguje tento záznam!

MARC

LEADER 00000ntm a22000003a 4500
001 stuzp72534
003 SK-STU
005 20200710105814.5
007 ta
008 150427s2015----xo-----f-mn---000-0-slo-d
040 |a STU  |b slo 
041 0 |a slo 
044 |a xo 
100 1 |a Tiffingerová, Brigita  |u 030400  |4 aut  |U FEI Fakulta elektrotechniky a informatiky  |T FEI Ústav automobilovej mechatroniky  |X 72522  |U E400  |Y 642  |7 72522 
242 0 1 |a Design and simulation of a cooling system for electric formula  |y eng 
245 1 0 |a Návrh a počítačová analýza chladiaceho systému pre výkonovú elektroniku e-formuly 
260 |c 2020  |a Bratislava :  |b STU v Bratislave, FEI 
300 |a 59 s. 
650 4 |a prestup tepla  |2 slo 
650 4 |a chladiaci systém  |2 slo 
650 4 |a Formula Student  |2 slo 
650 4 |a CFD  |2 slo 
650 4 |a heat transfer  |2 eng 
650 4 |a cooling system  |2 eng 
650 4 |a Formula Student  |2 eng 
650 4 |a CFD  |2 eng 
700 1 |a Paulech, Juraj  |u 030400  |k Z1  |4 ths  |U FEI Fakulta elektrotechniky a informatiky  |T FEI Ústav automobilovej mechatroniky  |X 12290  |U E400  |Y 642  |7 A000012290 
856 4 |u http://opac.crzp.sk/?fn=detailBiblioForm&sid=AFB64E0160B4F4E92447DA9F9648&seo=CRZP-detail-kniha